000 00903nam0a2200277 4500
001 RU\NLR\bibl\1258994
005 20260406122149.0
010 _a978-5-699-26734-7
_910000
021 _aRU
_b2008-46915
_92592
035 _a(NLR Aleph) 001245005
090 _a282955
_c282955
100 _a20080805d2008 |||y0rusy50 ca
101 1 _arus
_ceng
102 _aRU
105 _ay |||||||||
200 1 _aРикошет
_eроман
_fСандра Браун
_g[Пер. с англ. Светланы Паниной]
210 _aМосква
_cЭксмо
_d2008
215 _a445, [1] с.
_d17
225 1 _aНеожиданный роман
686 _aШ6(7США)67-440.4{Лх1979-50}
700 1 _4070
_7ca
_8rus
_aБраун
_bС.
_f1948-
_gСандра
_3RU\NLR\auth\77697
_9110738
801 0 _aRU
_bNLR
_c20080805
_gRCR
801 1 _aRU
_bNLR
_c20080805
942 _cBOOK
980 _aNB